Statystyki dla 10 największych miast w Japonii

Kliknij tutaj aby rozwiązać quiz!

Ogólne statystyki

  • Ten quiz został rozwiązany 252 razy
  • Średni wynik to 5 z 10

Statystyki odpowiedzi

Liczba mieszkańcówNazwa miasta% Poprawnych
9 555 919Tokio
99%
2 725 006Osaka
83%
1 468 980Kioto
62%
1 966 416Sapporo
61%
3 740 172Jokohama
54%
2 320 361Nagoja
46%
1 527 407Kobe
43%
1 579 450Fukuoka
29%
1 516 483Kawasaki
18%
1 295 607Saitama
14%

Rozkład punktacji

Percentyl według liczby udzielonych odpowiedzi

Procent ludzi z każdym wynikiem

Twoja historia wyników

Nie rozwiązałeś tego quizu